Zabudla Európa na Taylorovo posolstvo?
Participácia ako zdroj hospodárskeho rastu v Japonsku a krajinách juhovýchodnej Ázie. Princípy Taylorovej teórie vedeckého riadenia. Možnosti využitia participácie obyvateľstva na dosahovaní výkonnosti a vytváraní prosperity v transformujúcich sa krajinách strednej a východnej Európy.
Salvato in:
| Autore principale: | |
|---|---|
| Natura: | Capitolo di libro |
| Lingua: | slovacco |
| Soggetti: | |
| Tags: |
Nessun Tag, puoi essere il primo ad aggiungerne!!
|
MARC
| LEADER | 00000naa a2200000 4500 | ||
|---|---|---|---|
| 001 | r018527 | ||
| 005 | 20221213100033.1 | ||
| 041 | 0 | |a slo | |
| 044 | |a SK | ||
| 245 | 1 | 0 | |a Zabudla Európa na Taylorovo posolstvo? |c I. Klinec |
| 520 | |a Participácia ako zdroj hospodárskeho rastu v Japonsku a krajinách juhovýchodnej Ázie. Princípy Taylorovej teórie vedeckého riadenia. Možnosti využitia participácie obyvateľstva na dosahovaní výkonnosti a vytváraní prosperity v transformujúcich sa krajinách strednej a východnej Európy. | ||
| 610 | 2 | 0 | |a riadenie vedecké |
| 610 | 2 | 0 | |a taylorizmus |
| 610 | 2 | 0 | |a rast hospodársky |
| 610 | 2 | 0 | |a USA |
| 610 | 2 | 0 | |a Taylor, F. |
| 610 | 2 | 0 | |a Drucker, P. |
| 610 | 2 | 0 | |a Ázia |
| 610 | 2 | 0 | |a reformy hospodárske |
| 610 | 2 | 0 | |a stredná Európa |
| 610 | 2 | 0 | |a východná Európa |
| 100 | 1 | |a Klinec, I. | |